| 000 | 00794nam a2200193 a 4500 | ||
|---|---|---|---|
| 008 | 130515s2012 ||||||||||||||||| || u | ||
| 020 | _a9781609137106 | ||
| 050 | _aRC 683.5.C25 Str | ||
| 100 | _aCarrol, John D | ||
| 245 | 1 | 0 |
_aStructural Heart Disease Interventions _cedited by John D. Carrol and John G. Webb |
| 260 |
_aPhiladelphia: _bLippincott Williams and Wilkins _c2012 |
||
| 300 | _axvi, 399p.: ill. | ||
| 500 | _aSCHOOL OF MEDICINE | ||
| 650 | _aCARDIAC SURGICAL PROCEDURES--METHODS | ||
| 650 | _aHEART DISEASES--THERAPY | ||
| 650 | _aCARDIAC CATHETERIZATION--METHODS | ||
| 700 | _aWebb, John G | ||
| 995 |
_aMEDICAL LIBRARY OPEN ACCESS _e902040 _FCBU-SCHOOL OF MEDICINE LIBRARY (Ndola) _jRC 683.5.C25 Str _M1 _UAVAILABLE _WMay 21, 2013 _y902040 _ZMedical Library Open Access Collection |
||
| 999 |
_c32767 _d32767 |
||